Molecular evolution of the jaguar (Panthera onca) in Colombia using microsatellite markers (Registro nro. 12791)

Detalles MARC
000 -CABECERA
Campo de control 005630000a22001810004500
090 ## - CLASIFICACIÓN LOCAL
Colección AR
Consecutivo 03755
041 0# - IDIOMA
Código de idioma para texto/pista de sonido o título separado
100 1# - ASIENTO PRINCIPAL--NOMBRE PERSONAL
Nombre personal Ruíz García, Manuel
245 10 - MENCION DE TITULO
Título Molecular evolution of the jaguar (Panthera onca) in Colombia using microsatellite markers
650 14 - ASIENTO SECUNDARIO DE MATERIA - TERMINO TEMATICO
Término temático o nombre geográfico como elemento de entrada Genética de poblaciones
650 14 - ASIENTO SECUNDARIO DE MATERIA - TERMINO TEMATICO
Término temático o nombre geográfico como elemento de entrada Biología evolutiva
650 14 - ASIENTO SECUNDARIO DE MATERIA - TERMINO TEMATICO
Término temático o nombre geográfico como elemento de entrada Microsatélites
651 #4 - ASIENTO SECUNDARIO DE MATERIA - NOMBRE GEOGRAFICO
-- Colombia
653 ## - TERMINO DE INDIZACION - NO CONTROLADO
-- Panthera
-- Panthera onca
700 1# - ASIENTO SECUNDARIO - NOMBRE PERSONAL
Nombre personal Payán, Esteban
773 1# - Item fuente:
Título Preprint
Paginas del Articulo 1-45
Lugar, editorial y fecha de publicación [2003?]
942 ## - ELEMENTOS ADICIONALES (KOHA)
Tipo de ítem Artículo
Existencias
Withdrawn status Lost status Damaged status No para préstamo Colección Ubicación Permanente Ubicación actual Fecha de adquisición Datos de publicación Seriada Total Checkouts Número topográfico Inventario / Código de Barras Date last seen Price effective from Forma de adquisición Tipo de material
      No para Préstamo Hemeroteca Bogotá Bogotá 27/02/2015 Fuera de circulación   AR 03755 014539 25/03/2015 25/03/2015   Artículo